000 00458nam a22001817a 4500
003 PILC
005 20160120145227.0
008 121114t xxu||||| |||| 00| 0 eng d
020 _a0006929567
050 _aPZ 7
_b.M643 1989
082 _aFIC M59s
_b1989
100 _aMiles, Keith
245 _aSin bin 3 :
_btariq
_cBy Keith Miles
260 _aLondon
_bCollins Publishing Group
_c1989
300 _g17cm
_a128 p. :
942 _2lcc
_cBK
999 _c11628
_d11628